| 000 | 00674nam a2200241 a 4500 | ||
|---|---|---|---|
| 005 | 20210219153506.0 | ||
| 008 | 991125n 000 0 u | ||
| 035 | _aUPN01000102666 | ||
| 100 | 1 | _aCranford, Jerry L | |
| 222 | _aJOURNAL OF SPEECH, LANGUAGE, AND HEARING RESEARCH | ||
| 245 | _aTracking of "moving" fused auditory images by children | ||
| 300 | _a424-430 | ||
| 362 | 0 | _a1993 Vol. 36, no. 2 | |
| 653 | 0 | _aEVALUACION AUDITIVA | |
| 653 | 0 | _aMETODOS DE EVALUACION | |
| 653 | 0 | _aPERCEPCION AUDITIVA | |
| 700 | 1 | _aScudder, Rosalind, | |
| 700 | 1 | _ecoaut. | |
| 700 | 1 | _aMorgan, Michael | |
| 700 | 1 | _ecoaut. | |
| 904 |
_aAC _b040477 |
||
| 905 | _aArticulo | ||
| 999 |
_c78281 _d78281 |
||